Tabvlae codicvm manv scriptorvm praeter graecos et orientales in Bibliotheca palatina vindobonensi asservatorvm (Record no. 92429)

MARC details
000 -LEADER
fixed length control field 01089cam a22002771 4500
001 - CONTROL NUMBER
control field z 01000165
003 - CONTROL NUMBER IDENTIFIER
control field DLC
005 - DATE AND TIME OF LATEST TRANSACTION
control field 20260227112812.0
008 - FIXED-LENGTH DATA ELEMENTS--GENERAL INFORMATION
fixed length control field 770909m18641899au b 001 0 lat
010 ## - LIBRARY OF CONGRESS CONTROL NUMBER
LC control number z 01000165
035 ## - SYSTEM CONTROL NUMBER
System control number (OCoLC)3252414
040 ## - CATALOGING SOURCE
Original cataloging agency DLC
Transcribing agency AzTeS
Modifying agency AzTeS
-- DLC
042 ## - AUTHENTICATION CODE
Authentication code premarc
050 00 - LIBRARY OF CONGRESS CALL NUMBER
Classification number Z6621
Item number .V6
082 ## - DEWEY DECIMAL CLASSIFICATION NUMBER
Classification number 016.091
110 2# - MAIN ENTRY--CORPORATE NAME
Corporate name or jurisdiction name as entry element Österreichische Nationalbibliothek
245 10 - TITLE STATEMENT
Title Tabvlae codicvm manv scriptorvm praeter graecos et orientales in Bibliotheca palatina vindobonensi asservatorvm
Statement of responsibility, etc. Edidit Academia caesarea vindobonensis.
260 ## - PUBLICATION, DISTRIBUTION, ETC.
Place of publication, distribution, etc. Vindobonae,
Name of publisher, distributor, etc. venvm dat C. Geroldi filivs,
Date of publication, distribution, etc. 1864-99.
300 ## - PHYSICAL DESCRIPTION
Extent 10 v.
Dimensions 24 cm.
500 ## - GENERAL NOTE
General note Vol. 8 has imprint: Vindobonae, venvm dat F. Tempsky, 1893.
505 0# - FORMATTED CONTENTS NOTE
Formatted contents note v.1-8. Cod. 1-15500. 1864-93.--v.9-10. Cod. 15501-*19500: Codicvm musicorvm pars I-II. [Descripsit J. Mantuani] 1897-99.
650 #0 - SUBJECT ADDED ENTRY--TOPICAL TERM
Topical term or geographic name entry element Manuscripts
Geographic subdivision Austria
Form subdivision Catalogs.
650 #0 - SUBJECT ADDED ENTRY--TOPICAL TERM
Topical term or geographic name entry element Music
General subdivision Manuscripts
Form subdivision Catalogs.
710 2# - ADDED ENTRY--CORPORATE NAME
Corporate name or jurisdiction name as entry element Österreichische Akademie der Wissenschaften
700 1# - ADDED ENTRY--PERSONAL NAME
Personal name Mantuani, Josef,
Dates associated with a name 1860-1933.

No items available.

Powered by Koha